[Event "Tata Steel India Blitz w"]
[Site "Kolkata IND"]
[Date "2023.09.04"]
[Round "11.2"]
[White "Ushenina, Anna"]
[Black "Vantika, Agrawal"]
[Result "1-0"]
[WhiteTitle "GM"]
[BlackTitle "WGM"]
[WhiteElo "2434"]
[BlackElo "2430"]
[WhiteFideId "14110911"]
[BlackFideId "25050389"]
[EventDate "2023.09.03"]

1. d4 Nf6 2. c4 g6 3. Nc3 Bg7 4. e4 d6 5. h3 O-O 6. Be3 Nc6 7. d5 Ne5 8. f4 Ned7
9. Nf3 e6 10. dxe6 fxe6 11. g4 b6 12. Bg2 Bb7 13. Qc2 Nc5 14. Nd2 a5 15. O-O
Nfd7 16. Nb5 Rc8 17. Rae1 Qe7 18. Kh1 Kh8 19. b3 g5 20. f5 Ne5 21. Nd4 Ned3 22.
Re2 Nf4 23. Bxf4 gxf4 24. N2f3 Rce8 25. Rfe1 h6 26. fxe6 Nxe6 27. Nf5 Qf7 28. e5
Bxf3 29. Bxf3 Bxe5 30. Nxh6 Qf6 31. Nf5 Ng5 32. Qd3 Qg6 33. Bg2 Rg8 34. Rf1 Rgf8
35. Ref2 Rf7 36. Re2 Rh7 37. Kg1 Rf8 38. Ref2 Qf6 39. h4 Ne6 40. Be4 Nc5 41. Qf3
Rg8 42. Rg2 Bd4+ 43. Kh1 Be5 44. Kg1 Bd4+ 45. Kh1 Be5 46. g5 Qe6 47. h5 Rf8 48.
g6 Rxf5 49. Bxf5 Rg7 50. Bxe6 Nxe6 1-0

[Event "Tata Steel India Blitz w"]
[Site "Kolkata IND"]
[Date "2023.09.04"]
[Round "11.3"]
[White "Ju, Wenjun"]
[Black "Divya, Deshmukh"]
[Result "1/2-1/2"]
[WhiteTitle "GM"]
[BlackTitle "WGM"]
[WhiteElo "2568"]
[BlackElo "2372"]
[WhiteFideId "8603006"]
[BlackFideId "35006916"]
[EventDate "2023.09.03"]

1. d4 d5 2. c4 e6 3. Nf3 Nf6 4. Nc3 Be7 5. Bf4 O-O 6. e3 c5 7. dxc5 Bxc5 8. a3
Nc6 9. Qc2 Qa5 10. Rd1 h6 11. Be2 Ne4 12. cxd5 exd5 13. O-O Nxc3 14. bxc3 Be6
15. Rb1 Qd8 16. Rxb7 Bb6 17. Nd4 Na5 18. Nxe6 fxe6 19. Ba6 Qe8 20. Bd6 Rf6 21.
Re7 Qd8 22. Bb4 Nc6 23. Rb7 e5 24. Rd1 d4 25. cxd4 exd4 26. h3 Qe8 27. exd4 Bxd4
28. Bb5 Bxf2+ 29. Kh1 Rc8 30. Bxc6 Rcxc6 31. Qb3+ Kh7 32. Re7 Qc8 33. Qd3+ Qf5
34. Qxf5+ Rxf5 35. g4 Rf3 36. Kg2 Rf4 37. Rd2 Bb6 38. Rde2 a5 39. Bd2 Rff6 40.
Be3 Bxe3 41. R2xe3 Rc2+ 42. Kg3 Rfc6 43. Rd7 R2c3 44. Rdd3 Rxd3 45. Rxd3 Rc4 46.
Rf3 a4 47. Re3 Kg6 48. Rf3 Rd4 49. Re3 Kf6 50. h4 g6 51. Rf3+ Ke5 52. Re3+ Re4
53. Rf3 h5 54. gxh5 gxh5 55. Rc3 Kd4 56. Rc8 Re3+ 57. Kf4 Rxa3 58. Kg5 Rg3+ 59.
Kxh5 a3 60. Ra8 Kc4 61. Kh6 Kb3 62. h5 a2 63. Kh7 Rg5 64. h6 Rb5 65. Kg7 Rb7+
66. Kg6 Rb6+ 67. Kg7 Rb7+ 68. Kg6 Rb4 69. h7 Rh4 70. Kg7 Rxh7+ 1/2-1/2

[Event "Tata Steel India Blitz w"]
[Site "Kolkata IND"]
[Date "2023.09.04"]
[Round "11.4"]
[White "Savitha, Shri B"]
[Black "Shuvalova, Polina"]
[Result "0-1"]
[WhiteTitle "WIM"]
[BlackTitle "IM"]
[WhiteElo "2375"]
[BlackElo "2496"]
[WhiteFideId "35061887"]
[BlackFideId "24171760"]
[EventDate "2023.09.03"]

1. e4 c6 2. d4 d5 3. Nc3 dxe4 4. Nxe4 Nf6 5. Nxf6+ exf6 6. c3 Bd6 7. Bd3 O-O 8.
Qc2 Re8+ 9. Ne2 h5 10. Be3 Nd7 11. O-O-O Nf8 12. Kb1 Be6 13. c4 a6 14. c5 Bc7
15. Be4 Qd7 16. Nc3 Ba5 17. d5 cxd5 18. Nxd5 Bxd5 19. Bxd5 Qe7 20. Qa4 Bc7 21.
Bxb7 Rab8 22. Bd5 Be5 23. Bb3 Ne6 24. Rd7 Qf8 25. c6 Rb4 26. Qa5 Reb8 27. Rhd1
R4b5 28. Qa4 Rb4 29. Qa5 R4b5 30. Qxa6 Qb4 31. Bd2 Qe4+ 32. Ka1 Qe2 33. Bc1 Qxf2
34. Bxe6 Bxb2+ 35. Kb1 Bxc1+ 0-1

[Event "Tata Steel India Blitz w"]
[Site "Kolkata IND"]
[Date "2023.09.04"]
[Round "11.5"]
[White "Batsiashvili, Nino"]
[Black "Dronavalli, Harika"]
[Result "1/2-1/2"]
[WhiteTitle "GM"]
[BlackTitle "GM"]
[WhiteElo "2474"]
[BlackElo "2500"]
[WhiteFideId "13602993"]
[BlackFideId "5015197"]
[EventDate "2023.09.03"]

1. d4 d5 2. Nf3 Nf6 3. Bf4 Bf5 4. e3 e6 5. Bd3 Bxd3 6. cxd3 c5 7. Nc3 Nc6 8. Qb3
Qb6 9. Nb5 Rc8 10. Rc1 Qa5+ 11. Ke2 a6 12. Nd6+ Bxd6 13. Bxd6 Qb5 14. Qxb5 axb5
15. Rxc5 b4 16. Rhc1 Ra8 17. a3 bxa3 18. bxa3 Kd7 19. Bg3 Ne8 20. Rb1 Nd8 21.
Rc3 f6 22. Nd2 Ke7 23. Rcb3 Kf7 24. Rc1 h5 25. h4 Kg6 26. Nb1 Rf8 27. Nc3 Rf7
28. Nb5 Rd7 29. Rbc3 Nc6 30. Rb1 Ra5 31. Rc5 Ra4 32. Rc3 Ra5 33. Rcb3 Ra8 34.
Nc3 Ra7 35. a4 Nd8 36. Rb6 Kf7 37. Bf4 Ra8 38. f3 Ra7 39. g4 g6 40. gxh5 gxh5
41. R1b2 Ng7 42. R2b4 Nf5 43. R6b5 Ra8 44. Rc5 Nc6 45. Rb6 Nxh4 46. Rcb5 Nd8 47.
Rb1 Ng6 48. Rh1 Nxf4+ 49. exf4 Rc7 50. Rb3 Kg6 51. Ke3 Nf7 52. Nb5 Rc2 53. Rbb1
Nh6 54. Rbg1+ Kf7 55. Nd6+ Ke7 56. Rxh5 Kxd6 57. Rxh6 Rxa4 58. Rxf6 Raa2 59. f5
Re2+ 60. Kf4 Rad2 61. Rgg6 Rxd3 62. Rxe6+ Rxe6 63. Rxe6+ Kd7 64. Ke5 Re3+ 65.
Kxd5 Rxf3 66. Ke5 Re3+ 67. Kf6 Rd3 68. Rb6 Kc7 69. Rb4 Kc6 70. Ke6 Re3+ 71. Kf7
b5 72. f6 Rg3 73. Ke7 Re3+ 74. Kf8 Rf3 75. f7 Rf1 76. Rb2 Rf3 77. Rb1 Rf2 78.
Re1 b4 79. Ke7 Kd5 80. f8=Q Rxf8 81. Kxf8 Kxd4 82. Ke7 b3 83. Kd6 b2 84. Rb1 Kc3
85. Rxb2 Kxb2 1/2-1/2

[Event "Tata Steel India Blitz w"]
[Site "Kolkata IND"]
[Date "2023.09.04"]
[Round "12.1"]
[White "Dronavalli, Harika"]
[Black "Savitha, Shri B"]
[Result "1-0"]
[WhiteTitle "GM"]
[BlackTitle "WIM"]
[WhiteElo "2500"]
[BlackElo "2375"]
[WhiteFideId "5015197"]
[BlackFideId "35061887"]
[EventDate "2023.09.03"]

1. Nf3 Nf6 2. d4 g6 3. Bg5 Bg7 4. Nbd2 d5 5. e3 O-O 6. Bd3 c5 7. c3 Nc6 8. dxc5
e5 9. Bb5 e4 10. Nd4 Ne5 11. Be2 Qc7 12. Bf4 Nfd7 13. b4 b6 14. c6 Nf6 15. b5
Bg4 16. Bxe5 Qxe5 17. Bxg4 Qg5 18. Bh3 Ne8 19. Qg4 Qe5 20. Qg3 Qe7 21. Bd7 Nd6
22. O-O f5 23. Be6+ Kh8 24. Bxd5 Rad8 25. Bb3 Be5 26. Qh3 f4 27. Ne6 Bxc3 28.
Nxf8 Rxf8 29. Rad1 Nxb5 30. exf4 Bg7 31. Qd7 Qc5 32. Nxe4 1-0

[Event "Tata Steel India Blitz w"]
[Site "Kolkata IND"]
[Date "2023.09.04"]
[Round "12.2"]
[White "Shuvalova, Polina"]
[Black "Ushenina, Anna"]
[Result "1-0"]
[WhiteTitle "IM"]
[BlackTitle "GM"]
[WhiteElo "2496"]
[BlackElo "2434"]
[WhiteFideId "24171760"]
[BlackFideId "14110911"]
[EventDate "2023.09.03"]

1. e4 c5 2. Nf3 e6 3. c3 Nf6 4. e5 Nd5 5. d4 cxd4 6. cxd4 d6 7. Bc4 Be7 8. O-O
Nc6 9. Qe2 Na5 10. Bxd5 exd5 11. Nc3 dxe5 12. Qxe5 O-O 13. Qxd5 Bd6 14. Bg5 Qb6
15. Na4 Qa6 16. Bd2 Nc4 17. Nc5 Bxc5 18. dxc5 Be6 19. Qg5 h6 20. Qg3 Nxd2 21.
Nxd2 Rac8 22. b4 Qa4 23. a3 a5 24. Rab1 axb4 25. axb4 Bf5 26. Rb2 Rfd8 27. h3
Rd3 28. Qe5 Bg6 29. Nf3 Rcd8 30. Re1 Rd1 31. Rxd1 Qxd1+ 32. Kh2 Qd7 33. Rd2 Qc8
34. Rxd8+ Qxd8 35. Qd6 Qe8 36. Ne5 Be4 37. f3 Bc2 38. Qd5 Qe7 39. Qd4 h5 1-0

[Event "Tata Steel India Blitz w"]
[Site "Kolkata IND"]
[Date "2023.09.04"]
[Round "12.3"]
[White "Vantika, Agrawal"]
[Black "Koneru, Humpy"]
[Result "0-1"]
[WhiteTitle "WGM"]
[BlackTitle "GM"]
[WhiteElo "2430"]
[BlackElo "2553"]
[WhiteFideId "25050389"]
[BlackFideId "5008123"]
[EventDate "2023.09.03"]

1. d4 e6 2. c4 f5 3. g3 Nf6 4. Bg2 Be7 5. Nf3 d5 6. O-O Ne4 7. b3 Nc6 8. Ba3 Bf6
9. Bb2 h5 10. Nbd2 h4 11. Nxe4 dxe4 12. Ne5 Nxe5 13. dxe5 Qxd1 14. Rfxd1 Be7 15.
f3 h3 16. Bh1 exf3 17. Bxf3 g5 18. g4 Rh4 19. Kf2 fxg4 20. Bh1 Rb8 21. Kg3 Bd7
22. Be4 Bc6 23. Bxc6+ bxc6 24. Rd4 Kf7 25. Rxg4 Rxg4+ 26. Kxg4 Rd8 27. Bc3 Rh8
28. Rf1+ Kg6 29. Rd1 Rh4+ 30. Kg3 Re4 31. Kf3 Rf4+ 32. Kg3 Bc5 0-1

[Event "Tata Steel India Blitz w"]
[Site "Kolkata IND"]
[Date "2023.09.04"]
[Round "12.4"]
[White "Divya, Deshmukh"]
[Black "Batsiashvili, Nino"]
[Result "1-0"]
[WhiteTitle "WGM"]
[BlackTitle "GM"]
[WhiteElo "2372"]
[BlackElo "2474"]
[WhiteFideId "35006916"]
[BlackFideId "13602993"]
[EventDate "2023.09.03"]

1. d4 d5 2. Nf3 Nf6 3. Bf4 c5 4. e3 Nc6 5. c3 Nh5 6. dxc5 Nxf4 7. exf4 g6 8.
Nbd2 Bh6 9. g3 O-O 10. Bg2 b6 11. O-O bxc5 12. Nb3 Rb8 13. Qd2 c4 14. Nbd4 Nxd4
15. Nxd4 e6 16. Nc6 Qc7 17. Nxb8 Qxb8 18. Rab1 Ba6 19. Rfe1 Qc7 20. b3 cxb3 21.
axb3 Bg7 22. Rec1 Rc8 23. c4 dxc4 24. bxc4 Qc5 25. Qb4 Bd4 26. Qxc5 Rxc5 27. Bf1
Kg7 28. Rd1 Bc3 29. Rbc1 Ba5 30. Rd7 Bb6 31. Rc2 Bc8 32. Rd1 Bb7 33. Bg2 Ba6 34.
Bf1 Bb7 35. Rb2 Ba6 36. Rc1 h5 37. h4 Kf6 38. Kg2 Bb7+ 39. Kg1 Ba6 40. Be2 Bb7
41. Rb5 Ke7 42. Rcb1 Kd6 43. Rxc5 Kxc5 44. Rb5+ Kc6 45. Bf3+ Kc7 46. Bxb7 Kxb7
47. c5 Kc6 48. cxb6 Kxb5 49. bxa7 1-0

[Event "Tata Steel India Blitz w"]
[Site "Kolkata IND"]
[Date "2023.09.04"]
[Round "13.1"]
[White "Ju, Wenjun"]
[Black "Vantika, Agrawal"]
[Result "1-0"]
[WhiteTitle "GM"]
[BlackTitle "WGM"]
[WhiteElo "2568"]
[BlackElo "2430"]
[WhiteFideId "8603006"]
[BlackFideId "25050389"]
[EventDate "2023.09.03"]

1. d4 Nf6 2. c4 g6 3. g3 Bg7 4. Bg2 O-O 5. Nc3 d6 6. Nf3 c5 7. O-O Nc6 8. d5 Na5
9. Nd2 e6 10. e4 exd5 11. cxd5 Re8 12. h3 Bd7 13. a4 a6 14. Ra2 b5 15. axb5 axb5
16. b3 b4 17. Ne2 Bb5 18. Re1 Nd7 19. f4 c4 20. bxc4 Qb6+ 21. Kh2 Nxc4 22. Rxa8
Rxa8 23. Nb3 Nc5 24. Nxc5 Qxc5 25. e5 dxe5 26. fxe5 Bxe5 27. Nf4 Bc3 28. Re2 Ne5
29. Re4 Ra2 30. Be3 Qd6 31. Bd4 Bxd4 32. Rxd4 b3 33. Qxb3 Qa6 34. Kg1 Qa7 35.
Qe3 Ra1+ 36. Kh2 f6 37. d6 Bd7 38. Nd5 Kg7 39. Qf4 Bf5 40. g4 g5 41. Qxf5 Qxd4
42. Qxf6+ Kg8 43. Ne7# 1-0

[Event "Tata Steel India Blitz w"]
[Site "Kolkata IND"]
[Date "2023.09.04"]
[Round "13.2"]
[White "Koneru, Humpy"]
[Black "Shuvalova, Polina"]
[Result "1-0"]
[WhiteTitle "GM"]
[BlackTitle "IM"]
[WhiteElo "2553"]
[BlackElo "2496"]
[WhiteFideId "5008123"]
[BlackFideId "24171760"]
[EventDate "2023.09.03"]

1. d4 Nf6 2. Nf3 d5 3. e3 e6 4. Bd3 c5 5. b3 Be7 6. Bb2 O-O 7. O-O b6 8. Nbd2 a5
9. c4 Bb7 10. cxd5 exd5 11. Ne5 Nc6 12. Rc1 a4 13. Nxc6 Bxc6 14. dxc5 bxc5 15.
Bxf6 Bxf6 16. Rxc5 Qd7 17. Qc2 axb3 18. axb3 1-0

[Event "Tata Steel India Blitz w"]
[Site "Kolkata IND"]
[Date "2023.09.04"]
[Round "13.4"]
[White "Ushenina, Anna"]
[Black "Dronavalli, Harika"]
[Result "1-0"]
[WhiteTitle "GM"]
[BlackTitle "GM"]
[WhiteElo "2434"]
[BlackElo "2500"]
[WhiteFideId "14110911"]
[BlackFideId "5015197"]
[EventDate "2023.09.03"]

1. Nf3 Nf6 2. c4 g6 3. b3 Bg7 4. Bb2 O-O 5. g3 d6 6. Bg2 e5 7. O-O c5 8. Nc3 Nc6
9. d3 a6 10. a3 Rb8 11. Nd2 Bd7 12. Nd5 b5 13. Rb1 Nxd5 14. cxd5 Ne7 15. b4 cxb4
16. axb4 Bc8 17. Nb3 Bb7 18. e4 f5 19. Na5 Ba8 20. Qd2 Qb6 21. Rbc1 Rbc8 22.
Rxc8 Nxc8 23. Rd1 h6 24. d4 exd4 25. exf5 gxf5 26. Qf4 Ne7 27. Bxd4 Bxd4 28.
Rxd4 Ng6 29. Qe3 Kg7 30. Nc6 Qc7 31. f4 Qd7 32. Qc3 Kh7 33. Rd2 Re8 34. h4 Nf8
35. Qf6 Ng6 36. h5 Ne7 37. Qf7+ Kh8 38. Re2 Bxc6 39. dxc6 Qa7+ 40. Kh2 Rg8 41.
Rxe7 1-0

[Event "Tata Steel India Blitz w"]
[Site "Kolkata IND"]
[Date "2023.09.04"]
[Round "13.5"]
[White "Savitha, Shri B"]
[Black "Batsiashvili, Nino"]
[Result "0-1"]
[WhiteTitle "WIM"]
[BlackTitle "GM"]
[WhiteElo "2375"]
[BlackElo "2474"]
[WhiteFideId "35061887"]
[BlackFideId "13602993"]
[EventDate "2023.09.03"]

1. e4 e5 2. Nf3 Nc6 3. Bb5 a6 4. Ba4 Nf6 5. d3 b5 6. Bb3 Bc5 7. c3 d6 8. O-O O-O
9. Bg5 h6 10. Bh4 g5 11. Bg3 Bg4 12. a4 Rb8 13. axb5 axb5 14. Nbd2 Ne7 15. Qc2
Nc6 16. d4 exd4 17. e5 dxe5 18. Qg6+ Kh8 19. Qxh6+ Nh7 20. Bxe5+ Nxe5 21. Nxe5
Rb6 22. Nc6 Qd7 23. Qxg5 Nxg5 0-1

[Event "Tata Steel India Blitz w"]
[Site "Kolkata IND"]
[Date "2023.09.04"]
[Round "14.1"]
[White "Batsiashvili, Nino"]
[Black "Ushenina, Anna"]
[Result "0-1"]
[WhiteTitle "GM"]
[BlackTitle "GM"]
[WhiteElo "2474"]
[BlackElo "2434"]
[WhiteFideId "13602993"]
[BlackFideId "14110911"]
[EventDate "2023.09.03"]

1. d4 d5 2. Nf3 e6 3. c4 a6 4. e3 Nf6 5. b3 b6 6. Bd3 Bb7 7. O-O Nbd7 8. Bb2 Bd6
9. Nc3 O-O 10. Ne2 Qe7 11. Ng3 Ne4 12. Ne5 Nxg3 13. hxg3 Bxe5 14. dxe5 Nc5 15.
Bc2 dxc4 16. bxc4 Qg5 17. Qe2 Be4 18. Rad1 Rfd8 19. Bd4 Bxc2 20. Qxc2 Nd7 21.
Qe4 h6 22. g4 a5 23. g3 Nf8 24. Kg2 Rac8 25. Rh1 Rd7 26. Bb2 Rcd8 27. Rd4 c5 28.
Rxd7 Rxd7 29. Bc3 Qd8 30. Qc6 Rd3 31. Rc1 Ng6 32. Qe4 Rd1 33. Rxd1 Qxd1 34. Qa8+
Kh7 35. Qb7 Qxg4 36. Qxb6 Qxc4 37. Qxa5 Nxe5 38. Bxe5 Qe4+ 39. Kg1 Qxe5 40. Qd2
c4 41. Kf1 c3 42. Qc2+ g6 43. Ke2 Qb5+ 44. Kd1 Qf1# 0-1

[Event "Tata Steel India Blitz w"]
[Site "Kolkata IND"]
[Date "2023.09.04"]
[Round "14.2"]
[White "Shuvalova, Polina"]
[Black "Ju, Wenjun"]
[Result "0-1"]
[WhiteTitle "IM"]
[BlackTitle "GM"]
[WhiteElo "2496"]
[BlackElo "2568"]
[WhiteFideId "24171760"]
[BlackFideId "8603006"]
[EventDate "2023.09.03"]

1. e4 e5 2. Nc3 Nf6 3. d4 exd4 4. Qxd4 Nc6 5. Qd3 Bc5 6. Bf4 d6 7. O-O-O O-O 8.
f3 Be6 9. Kb1 a6 10. h4 Nd7 11. h5 b5 12. h6 g6 13. g4 Nb6 14. Nh3 f6 15. Qd2
Bb4 16. Qe3 Ne5 17. b3 Bc5 18. Qe2 b4 19. Nd5 c6 20. Ne3 a5 21. Bg2 a4 22. g5
Qc7 23. gxf6 axb3 24. cxb3 Qa7 25. Qb2 Rxf6 26. Bg5 Rf7 27. f4 Bxh3 28. Bxh3
Bxe3 29. fxe5 Bxg5 30. Be6 Re8 31. Bxf7+ Qxf7 32. exd6 Bf6 33. Qc2 Qe6 34. Rhf1
Bh8 35. Qxc6 Qe5 36. Rd4 Rc8 37. Qxb6 Qxd4 38. Qxd4 Bxd4 39. Rd1 Bf6 40. Rd5 Kf7
41. e5 Bg5 42. Rb5 Ke6 43. Rb7 Bf4 44. Re7+ Kd5 45. d7 Rd8 46. e6 Bg5 47. Rxh7
Kxe6 48. Rg7 Kf5 49. Rf7+ Bf6 50. h7 Ke6 51. h8=Q Rxh8 0-1

[Event "Tata Steel India Blitz w"]
[Site "Kolkata IND"]
[Date "2023.09.04"]
[Round "14.3"]
[White "Dronavalli, Harika"]
[Black "Koneru, Humpy"]
[Result "1/2-1/2"]
[WhiteTitle "GM"]
[BlackTitle "GM"]
[WhiteElo "2500"]
[BlackElo "2553"]
[WhiteFideId "5015197"]
[BlackFideId "5008123"]
[EventDate "2023.09.03"]

1. Nf3 d5 2. g3 Nf6 3. Bg2 c5 4. O-O g6 5. c4 Bg7 6. cxd5 Nxd5 7. Nc3 O-O 8. d4
cxd4 9. Nxd4 Nxc3 10. bxc3 Nc6 11. Rb1 Nxd4 12. cxd4 Qxd4 13. Qxd4 Bxd4 14. Bh6
Bg7 15. Bxg7 Kxg7 16. Bxb7 Rb8 17. Bxc8 1/2-1/2

[Event "Tata Steel India Blitz w"]
[Site "Kolkata IND"]
[Date "2023.09.04"]
[Round "14.5"]
[White "Divya, Deshmukh"]
[Black "Savitha, Shri B"]
[Result "1/2-1/2"]
[WhiteTitle "WGM"]
[BlackTitle "WIM"]
[WhiteElo "2372"]
[BlackElo "2375"]
[WhiteFideId "35006916"]
[BlackFideId "35061887"]
[EventDate "2023.09.03"]

1. d4 Nf6 2. Nf3 g6 3. Nbd2 d5 4. b4 Bg7 5. e3 O-O 6. Bb2 Bf5 7. Be2 Ne4 8. O-O
Nd7 9. c4 c6 10. c5 Qc7 11. b5 Ndxc5 12. Rc1 Na4 13. Ba1 Nb6 14. bxc6 bxc6 15.
Bb5 Nxd2 16. Qxd2 Bd7 17. Qb4 Qb7 18. Bd3 Bf6 19. Ne5 Rfc8 20. Nxd7 Qxd7 21. Ba6
Rc7 22. Rc2 Re8 23. Rfc1 e5 24. a4 exd4 25. Bxd4 Bxd4 26. exd4 Qe7 27. Qxe7
Rexe7 28. a5 Nc4 29. Bxc4 dxc4 30. Rxc4 Rcd7 31. g3 Rd5 32. a6 Red7 33. Rxc6
Rxd4 34. Rc7 Kf8 35. Rb7 Ke7 36. Rc8 Rd6 37. Rcc7 Kd8 38. Rxd7+ Rxd7 39. Rb8+
Ke7 40. Kg2 Ke6 41. Kf3 Rd6 42. Re8+ Kf6 43. g4 Rxa6 44. h4 Ra3+ 45. Kf4 Ra4+
46. Kg3 h6 47. Rh8 Kg7 48. Ra8 a5 49. f3 Ra1 50. Kf4 a4 51. h5 gxh5 52. gxh5 a3
53. Ra5 a2 54. Ra6 Kf8 55. Kf5 Rf1 56. Rxa2 Rxf3+ 57. Ke5 Rh3 58. Kf6 Rf3+ 59.
Ke5 Kg7 60. Rg2+ Kh7 61. Kd6 Rf5 62. Ke7 Rxh5 63. Kxf7 Rf5+ 64. Ke6 Rf1 65. Ke5
h5 66. Ke4 h4 67. Ke3 Kh6 68. Rg8 Kh5 69. Ke2 Rf6 70. Rh8+ Kg4 71. Rg8+ Kh3 72.
Rg5 Kh2 73. Rg4 h3 74. Rg5 Kh1 75. Rg3 h2 76. Rg8 Rf4 77. Rg7 Ra4 78. Kf1 Ra1+
79. Kf2 Rg1 80. Ra7 Rg2+ 81. Kf1 Rg1+ 82. Kf2 Rg6 83. Ra1+ Rg1 84. Ra7 Rg2+ 85.
Kf1 Rg6 86. Kf2 Rf6+ 87. Kg3 Rg6+ 88. Kf2 Rf6+ 89. Kg3 Rf1 90. Ra2 Rg1+ 91. Kh3
Re1 92. Rxh2+ Kg1 93. Rg2+ Kf1 94. Rg8 Re3+ 95. Kh2 Re2+ 96. Kh1 Rf2 97. Re8 Re2
98. Rxe2 Kxe2 1/2-1/2

[Event "Tata Steel India Blitz w"]
[Site "Kolkata IND"]
[Date "2023.09.04"]
[Round "15.1"]
[White "Vantika, Agrawal"]
[Black "Divya, Deshmukh"]
[Result "0-1"]
[WhiteTitle "WGM"]
[BlackTitle "WGM"]
[WhiteElo "2430"]
[BlackElo "2372"]
[WhiteFideId "25050389"]
[BlackFideId "35006916"]
[EventDate "2023.09.03"]

1. d4 Nf6 2. c4 e6 3. Nf3 c5 4. d5 exd5 5. cxd5 d6 6. Nc3 g6 7. Nd2 b5 8. Nxb5
Nxd5 9. Nc4 Bb7 10. e4 a6 11. Nbxd6+ Bxd6 12. exd5 O-O 13. Be2 Qc7 14. h4 Nd7
15. O-O Nb6 16. Nxb6 Qxb6 17. Bf3 Rad8 18. Bg5 f6 19. Bh6 Rfe8 20. Re1 Be5 21.
Rb1 Qd6 22. Qc2 Bxd5 23. Rbd1 Bd4 24. Rxe8+ Rxe8 25. Bxd5+ Qxd5 26. Be3 Re4 27.
Bxd4 Rxd4 28. Rxd4 cxd4 29. Qc8+ Kg7 30. Qc7+ Kh6 31. Qf4+ Kg7 32. Qc7+ Kg8 33.
Qc8+ Kf7 34. Qc7+ Ke6 35. Qb6+ Kf5 36. Qb4 d3 37. g4+ Ke6 38. Qd2 Qe4 39. Kh2
Qe2 40. Qb4 Qxf2+ 41. Kh3 Qe3+ 42. Kg2 Qe2+ 43. Kg3 Qe5+ 44. Kg2 Qd5+ 45. Kf2 d2
46. Qb6+ Ke5 47. Qe3+ Kd6 48. Qb6+ Ke7 49. Qc7+ Kf8 50. Qc8+ Kg7 51. Qc7+ Kf8
52. Qc8+ Ke7 53. Qc7+ Ke6 54. Qb6+ Kd7 55. Qa7+ Kd8 56. Qb8+ Kd7 57. Qa7+ Kd6
58. Qb6+ Ke5 59. Qe3+ Qe4 60. Qxe4+ Kxe4 61. Ke2 f5 62. gxf5 gxf5 63. Kxd2 Kf3
64. b4 f4 65. a4 Kg2 66. b5 axb5 67. axb5 f3 68. b6 f2 69. b7 f1=Q 70. b8=Q Qf2+
71. Kd3 Qxh4 72. Qb7+ Kh2 73. Ke3 Qg3+ 74. Kd4 Qf4+ 75. Kc5 h5 76. Qh7 h4 77.
Kb6 h3 78. Qc2+ Kg3 79. Qd3+ Qf3 80. Qg6+ Kf2 81. Qc2+ Kg1 82. Qc1+ Kg2 83. Qg5+
Qg3 84. Qd5+ Kh2 85. Ka7 Qf2+ 86. Ka6 Qe2+ 87. Ka7 Qf2+ 88. Ka6 Qe2+ 89. Ka7
Qe3+ 90. Ka6 Kg1 91. Qg8+ Kf2 92. Qf7+ Ke1 93. Qh7 Qe2+ 94. Ka7 h2 95. Qb1+ Kf2
96. Qf5+ Qf3 97. Qc2+ Kg1 98. Qb1+ Kg2 99. Qg6+ Qg3 100. Qc6+ Qf3 101. Qg6+ Kf2
102. Qc2+ Qe2 103. Qf5+ Ke3 104. Qe5+ Kd2 105. Qd4+ Ke1 106. Qa1+ Kf2 107. Qf6+
Kg3 108. Qg5+ Kf3 109. Qh5+ Ke3 110. Qe5+ Kd3 111. Qb5+ Kd2 112. Qb2+ Ke1 113.
Qc1+ Kf2 114. Qf4+ Kg1 115. Qg3+ Kh1 116. Qf4 Qa2+ 117. Kb7 Qb2+ 118. Ka7 Qa2+
119. Kb7 Qd5+ 120. Ka7 Qd3 121. Qg4 Qe3+ 122. Ka6 Qa3+ 123. Kb6 Qb2+ 124. Ka6
Qa2+ 125. Kb6 Qb2+ 126. Ka6 Qa2+ 0-1

[Event "Tata Steel India Blitz w"]
[Site "Kolkata IND"]
[Date "2023.09.04"]
[Round "15.3"]
[White "Ju, Wenjun"]
[Black "Dronavalli, Harika"]
[Result "1/2-1/2"]
[WhiteTitle "GM"]
[BlackTitle "GM"]
[WhiteElo "2568"]
[BlackElo "2500"]
[WhiteFideId "8603006"]
[BlackFideId "5015197"]
[EventDate "2023.09.03"]

1. d4 Nf6 2. c4 g6 3. Nf3 Bg7 4. g3 O-O 5. Bg2 d6 6. O-O Nc6 7. Nc3 e5 8. dxe5
dxe5 9. Bg5 h6 10. Qxd8 Rxd8 11. Bxf6 Bxf6 12. Nd5 Kg7 13. Nxc7 Rb8 14. e4 Be6
15. b3 a5 16. Rfd1 Be7 17. h3 Bc5 18. Nd5 f6 19. Ne1 Nd4 20. Nd3 b6 21. Kf1 Bg8
22. Rab1 Ba3 23. f4 Bd6 24. Nxb6 exf4 25. gxf4 Nc2 26. Ke2 Rxb6 27. c5 Rbb8 28.
cxd6 Rxd6 29. Rbc1 Nd4+ 30. Ke3 Rbd8 31. e5 fxe5 32. fxe5 Nf5+ 33. Ke2 Ng3+ 34.
Ke3 Nf5+ 35. Ke2 Ng3+ 36. Ke3 Nf5+ 1/2-1/2

[Event "Tata Steel India Blitz w"]
[Site "Kolkata IND"]
[Date "2023.09.04"]
[Round "15.4"]
[White "Koneru, Humpy"]
[Black "Batsiashvili, Nino"]
[Result "1-0"]
[WhiteTitle "GM"]
[BlackTitle "GM"]
[WhiteElo "2553"]
[BlackElo "2474"]
[WhiteFideId "5008123"]
[BlackFideId "13602993"]
[EventDate "2023.09.03"]

1. d4 g6 2. c4 Bg7 3. g3 f5 4. Bg2 Nf6 5. Nf3 O-O 6. b3 a5 7. Bb2 Na6 8. Nc3 d6
9. O-O c6 10. a3 Qc7 11. d5 Nc5 12. Nd4 e5 13. dxe6 Nxe6 14. e3 Ng5 15. Qc2 Bd7
16. Rad1 Rad8 17. b4 axb4 18. axb4 Bc8 19. Rd2 Kh8 20. Rfd1 Rfe8 21. Nde2 Be6
22. h4 Nf7 23. Na4 Ne5 24. Rd4 Nxc4 25. Rxc4 Bxc4 26. Qxc4 b5 27. Qxc6 Qxc6 28.
Bxc6 bxa4 29. Bxe8 Nxe8 30. Bxg7+ Kxg7 31. Ra1 Ra8 32. b5 a3 33. Nd4 Kf6 34. Kf1
Nc7 35. Ke2 Nd5 36. Kd3 Ra4 37. Kc2 Ra8 38. Kb3 Ke5 39. Rxa3 Rc8 40. Ra7 h5 41.
Rg7 Ke4 42. Rxg6 1-0

[Event "Tata Steel India Blitz w"]
[Site "Kolkata IND"]
[Date "2023.09.04"]
[Round "15.5"]
[White "Ushenina, Anna"]
[Black "Savitha, Shri B"]
[Result "0-1"]
[WhiteTitle "GM"]
[BlackTitle "WIM"]
[WhiteElo "2434"]
[BlackElo "2375"]
[WhiteFideId "14110911"]
[BlackFideId "35061887"]
[EventDate "2023.09.03"]

1. d4 Nf6 2. c4 g6 3. Nc3 Bg7 4. e4 d6 5. h3 O-O 6. Be3 e5 7. d5 Na6 8. g4 Nc5
9. f3 a5 10. Qd2 a4 11. Nge2 b6 12. Ng3 Bd7 13. h4 c6 14. h5 cxd5 15. cxd5 b5
16. g5 Ne8 17. Qh2 h6 18. gxh6 Bf6 19. h7+ Kh8 20. hxg6 fxg6 21. O-O-O b4 22.
Nce2 a3 23. b3 Nxb3+ 24. Kb1 Nc5 25. Qh6 Ng7 26. Qxg6 b3 27. Nc1 bxa2+ 28. Ka1
Qb6 0-1